Statistics for Harry Potter Quiz - Easy

Click here to take the quiz!

General Stats

  • This quiz has been taken 70 times
    (61 since last reset)
  • The average score is 12 of 12

Answer Stats

HintAnswer% Correct
What school does Harry attend?Hogwarts
100%
Who is the professor of the school? (books 1-6)Albus Dumbledore
98%
Who is Ron Weasley's best friend? (male)Harry Potter
98%
What is the name of Harry's pet owl?Hedwig
98%
Who is Harry's best friend? (female)Hermione Granger
98%
Who is entrusted with the job of telling Harry that he is a wizard?Rubeus Hagrid
98%
Who is the hated potions teacher?Severus Snape
98%
What is the sport played on broomsticks called?Quidditch
96%
What position does Harry play in this sport?Seeker
96%
What house are Ron, Harry, Hermione and Ginny all in?Gryffindor
95%
Who is Harry's greatest enemy?Lord Voldemort
95%
What house do the most dark wizards come from?Slytherin
91%

Score Distribution

Percentile by Number Answered

Percent of People with Each Score

Your Score History

You have not taken this quiz since the last reset